Cría de gallinas en jaulas
Zapisane w:
| Główni autorzy: | , , |
|---|---|
| Format: | Książka |
| Język: | hiszpański |
| Wydane: |
Ciudad de México
UTEHA
1957
|
| Hasła przedmiotowe: | |
| Etykiety: |
Dodaj etykietę
Nie ma etykietki, Dołącz pierwszą etykiete!
|
MARC
| LEADER | 00000nam a2200000 a 4500 | ||
|---|---|---|---|
| 001 | UCS9462 | ||
| 003 | CL-VaPUC | ||
| 008 | 971121e19570000MX |||||||||||||||||spa|d | ||
| 082 | 0 | 4 | |a 636.5 |b HAR |2 21 |
| 100 | 0 | |a Hartman, Roland C |e author |9 394480 | |
| 700 | 0 | |a King, Dale F |e author |9 394481 | |
| 700 | 0 | |a De la Loma, José Luís |e author |9 394482 | |
| 245 | 1 | 0 | |a Cría de gallinas en jaulas |
| 300 | |a 318 p | ||
| 942 | |c BK | ||
| 945 | |d 19971121 00:00:00 |a jquezada | ||
| 260 | |a Ciudad de México |b UTEHA |c 1957 | ||
| 650 | 0 | |a Aves |9 262192 | |
| 650 | 7 | |a AVES DE CORRAL |2 CL-VaPUC |9 394483 | |
| 650 | 7 | |a JAULAS |2 CL-VaPUC |9 393932 | |
| 650 | 0 | |a Alimentación animal |9 393779 | |
| 650 | 0 | |a Nutrición animal |9 389503 | |
| 650 | 7 | |a HUEVOS |2 CL-VaPUC |9 259518 | |
| 650 | 0 | |a Calidad |9 320582 | |
| 650 | 0 | |a Producción |9 263680 | |
| 650 | 7 | |a ESTIERCOL |2 CL-VaPUC |9 394485 | |
| 583 | |a last modification |c 19971121 00:00:00 |k Rodrigo Vera | ||
| 999 | |c 263262 |d 263260 | ||